AP Brainrot Exam - Statistics

General Stats
  • This quiz has been taken 29 times
  • The average score is 10 of 15
Answer Stats
Hint Answer % Correct
Tung Tung Tung _____ Sahur
100%
100 Men Vs. 1 _______ Gorilla
96%
Movie that featured "Chicken Jockey" Minecraft
92%
Guy with lots of Baby Oil Diddy
88%
Stopping whenever your about to finish Edging
83%
Are you employed? No
83%
Water Bucket, ______! Release
79%
What do Big Aj and Justice bring? The Boom
79%
"Oh you gotta give em that ____ ___" Hawk Tua
75%
They know me as the rizzler, I'm the _______ dressed in black Panther
67%
What is the J word? Job
63%
Doing devious things to a dead corpse Munting
33%
"Ts Pmo" This pissing me off
17%
Guys whose theme is "I just jumped a band director, I got a brand new saxophone" Ashton Hall
13%
PH girl Bonnie Blue
13%
No matching quizzes found
Score Distribution
Percent of People with Each Score
Percentile by Number Answered
Your Score History
You have not taken this quiz